Cách đặt tên cho bạn và cho doanh nghiệp : Chọn lành tránh dữ
Sách trình bày nguồn gốc, cấu tạo, đặc điểm họ tên của người Việt. Một số phương pháp đặt tên cho con theo tục lệ dân gian, theo tuổi, theo quê quán cha mẹ, địa danh, tình cảm, sở thích...
Spremljeno u:
| Glavni autor: | |
|---|---|
| Daljnji autori: | |
| Format: | Knjiga |
| Jezik: | Vietnamese |
| Izdano: |
H.
Hồng đức
2013
|
| Oznake: |
Dodaj oznaku
Bez oznaka, Budi prvi tko označuje ovaj zapis!
|
| Thư viện lưu trữ: | Thư viện Trường Đại học Nam Cần Thơ |
|---|
| LEADER | 01217nam a22002177a 4500 | ||
|---|---|---|---|
| 001 | NCT_55017 | ||
| 008 | 181107b xxu||||| |||| 00| 0 vie d | ||
| 999 | |c 2647 |d 2647 | ||
| 020 | |c 39000 | ||
| 082 | |2 23rd ed. |a 392.12 |b S431 | ||
| 100 | 0 | |a Song Linh | |
| 245 | 1 | 0 | |a Cách đặt tên cho bạn và cho doanh nghiệp : |b Chọn lành tránh dữ |c Song Linh, Minh Huyền |
| 260 | |a H. |b Hồng đức |c 2013 | ||
| 300 | |a 195 tr. |b Hình vẽ |c 19cm | ||
| 500 | |a Phụ lục: tr. 152-192 | ||
| 520 | 3 | |a Sách trình bày nguồn gốc, cấu tạo, đặc điểm họ tên của người Việt. Một số phương pháp đặt tên cho con theo tục lệ dân gian, theo tuổi, theo quê quán cha mẹ, địa danh, tình cảm, sở thích... | |
| 700 | 0 | |a Minh Huyền | |
| 942 | |2 ddc |c BK | ||
| 952 | |0 0 |1 0 |2 ddc |4 0 |6 392_120000000000000_S431 |7 0 |9 14831 |a 000001 |b 000001 |d 2018-11-07 |o 392.12 S431 |p TK.00903 |r 2018-11-07 |v 39000.00 |w 2018-11-07 |y BK | ||
| 952 | |0 0 |1 0 |2 ddc |4 0 |6 392_120000000000000_S431 |7 0 |9 14832 |a 000001 |b 000001 |d 2018-11-07 |o 392.12 S431 |p TK.00904 |r 2018-11-07 |v 39000.00 |w 2018-11-07 |y BK | ||
| 980 | |a Thư viện Trường Đại học Nam Cần Thơ | ||